Statistics for megadeth albums

Click here to take the quiz!

General Stats

  • This quiz has been taken 37 times
  • The average score is 8 of 15

Answer Stats

HintAnswer% Correct
1990Rust in peace
97%
1985killing is my business
86%
1994Youthanasia
77%
1992countdown to extinction
74%
1986peace sells, but who's buying?
74%
1988So far, so good.. So what?
71%
1999risk
54%
1997cryptic writings
51%
2004The system has failed
46%
2013Supercollider
40%
2001the world needs a hero
31%
2007united abominations
31%
2009endgame
29%
2011Th1rt3en
26%
2002rude awakening
11%

Score Distribution

Percentile by Number Answered

Percent of People with Each Score

Your Score History

You have not taken this quiz